Kształty państw, których nazwa ma 4 litery - Statystyki

Ogólne statystyki
  • Ten quiz został rozwiązany 6 070 razy
  • Średni wynik to 8 z 10
Statystyki odpowiedzi
Obrazkowy Odpowiedź % Poprawnych
Cypr
94%
Kuba
87%
Iran
84%
Czad
81%
Irak
81%
Mali
80%
Laos
79%
Oman
74%
Peru
73%
Togo
60%
Nie znaleziono quizów pasujących do podanych kryteriów
Rozkład punktacji
Procent ludzi z każdym wynikiem
Percentyl według liczby udzielonych odpowiedzi
Twoja historia wyników
Nie rozwiązałeś tego quizu